Ekonomické cvičenia 1 pre 2. ročník stredných ekonomických škôl, študijný odbor všeobecná ekonomika /

Uložené v:
Podrobná bibliografia
Hlavní autori: Holeček, Jiří (Author), Koudela, Jiří (Author), Pospíšil, Jaroslav (Author)
Médium: Kniha
Jazyk:Slovak
Vydané: Bratislava : Slovenské pedagogické nakladateľstvo, 1987.
Vydanie:2. vyd.
ISBN: (brož.)
Fyzický popis: 171 s. : 10 príl.
Tagy: Pridať tag
Žiadne tagy, Buďte prvý kto otaguje tento záznam!

MARC

LEADER 00000nam a22000004a 4500
001 000389708
005 20120709183357.0
008 120709s1987 xo e 000 0 slo d
020 |a (brož.)  |c Kčs 19,00 
040 |a SVKKK  |b slo  |c SVKKK  |e AACR2 
041 0 |a slo 
044 |a xo  |c SK 
100 1 |a Holeček, Jiří.  |4 aut 
245 1 0 |a Ekonomické cvičenia 1 pre 2. ročník stredných ekonomických škôl, študijný odbor všeobecná ekonomika /  |c Jiří Holeček, Jiří Koudela, Jaroslav Pospíšil. 
250 |a 2. vyd. 
260 |a Bratislava :  |b Slovenské pedagogické nakladateľstvo,  |c 1987. 
300 |a 171 s. :  |b 10 príl. 
700 1 |a Koudela, Jiří  |4 aut 
700 1 |a Pospíšil, Jaroslav.  |4 aut 
910 |a svkkk 
998 |a BK 
090 |g SCKHL  |k Sklad Pribinova 3. posch.  |a V.142728  |j 759362  |i 2720965397  |s Povinný výt.